Character by Silhouette - Statistics

General Stats
  • This quiz has been taken 62 times
  • The average score is 7 of 16
Answer Stats
Picture Answer % Correct
Scooby-Doo
90%
Darth Vader
82%
Gollum
78%
Spock
61%
Indiana Jones
59%
Snoopy
59%
V
57%
Marty McFly
39%
James Bond
35%
Vito Corleone
33%
Ace Ventura
22%
Spider-Man
20%
Norman Bates
14%
Jack Torrance
10%
Ash Williams
8%
Charles Kane
4%
No matching quizzes found
Score Distribution
Percent of People with Each Score
Percentile by Number Answered
Your Score History
You have not taken this quiz